00748nam a2200181 a 450000100100000000500170001000800410002704000250006808200190009310000320011224501100014426000330025430000210028750400710030870000530037995201170043299900170054900004430520201002045300.0140613s2003 dr 000 0 spa d aDO-SdBNPbspacBNPHU axxxxxxbxxxxxx1 aTineo de Lora, Elena97231010aEn manos equivocadas :bhechos de vida /cElena Tineo de Lora ; prólogo Fausto Ramón Mejía Vallejo. aLa Vega :bUniversal,c2003. a142 p. ;c21 cm. aIncluye referencias bibliográficas y notas al pie de las paginas1 aMejía Vallejo, Ramón Mejíaepról.972311 0010718PDaPDbPDcHDd2014-06-13iLF1l0oxxxxxx xxxxxxp44305-10r2020-06-25w2020-06-25yLFPDZNo se presta c43794d43794